[Event "WYCC 2018 O16"]
[Site "Halkidiki"]
[Date "2018.10.28"]
[Round "9"]
[White "Vestby-Ellingsen, Mads"]
[Black "Fainman, Tomer"]
[Result "1-0"]
[WhiteElo "2410"]
[BlackElo "2054"]
[Annotator "TA"]
[PlyCount "157"]
[EventDate "2018.10.20"]
[EventType "swiss"]
[EventCountry "GRE"]
[SourceTitle "playchess.com"]
[Source "ChessBase"]
[SourceQuality "1"]

{[%evp 16,157,11,0,0,-21,14,-5,0,3,0,-3,8,2,34,4,19,0,116,101,110,86,127,55,60,0,0,-2,0,-5,0,0,0,0,0,0,0,0,111,101,110,113,103,100,133,80,87,75,64,0,0,0,0,-33,-32,-38,-25,-65,0,0,0,-39,-30,-194,-41,-158,0,0,0,0,0,0,0,0,0,0,0,0,0,0,0,0,0,0,0,0,0,0,0,0,0,0,0,0,207,0,0,0,0,0,17,0,48,0,0,0,0,0,0,0,0,0,0,0,0,0,0,0,0,0,12839,12839,12841,12841,12839,12839,12844,12845,12845,12843,12843,12843,12844,12841,12841,0,12847,12847,12848,12848,12849,12849,29992,29993]} 1. d4 d5 2. Bf4 Nf6 3. e3 Bf5 4. c4 e6 5. Qb3 (5. Nf3 Bxb1 6. Rxb1 Bb4+ 7. Ke2 dxc4 8. Qa4+ Nc6 9. Ne5 a5 10. Nxc6 Qd7 11. Rc1 Nd5 12. Rxc4 Nb6 13. Qc2 Nxc4 14. Nxb4 Nxb2 {1-0 (41) Nakamura,H (2769)-Giri,A (2782) Leuven 2018}) 5... b6 6. Nc3 {D00: 1 d4 d5: Unusual lines} Bd6 7. Bg5 c6 8. Nf3 Nbd7 9. Be2 {LiveBook: 3 Games} h6 10. Bh4 Qe7 $146 ({Predecessor:} 10... O-O 11. O-O Rc8 12. cxd5 cxd5 {0-1 (37) Abril,M (2020)-Zapata,O (1715) Medellin 2017}) 11. O-O g5 12. Bg3 Bxg3 13. hxg3 Qd6 14. Rfe1 Ke7 15. cxd5 exd5 16. Nd2 Rag8 {[#]} (16... Kf8 $11 {keeps the balance.}) 17. e4 $1 {[%mdl 512]} Nxe4 (17... dxe4 18. Nc4) 18. Ndxe4 Bxe4 19. Nxe4 (19. Bd3 $16 f5 20. f3) 19... dxe4 $14 20. Bc4 (20. Rac1 $1 $14) 20... Nf6 $1 $11 21. Bxf7 Rg7 22. Bc4 $132 {[%mdl 2048] White puts up resistance} Kd8 23. a4 h5 24. a5 b5 25. Be6 Re7 (25... Re8 $5 26. Bf5 $8 Qd5 27. Qxd5+ cxd5 $11) 26. Bf5 Kc7 (26... Qd5 $11 27. Qxd5+ cxd5) 27. Rac1 $16 {Hoping for Qxb5.} a6 28. Qe3 Kb7 29. Qxg5 Rg8 30. Qd2 ({Better is} 30. Qf4 Qxf4 31. gxf4) 30... Rd8 31. Qc2 {[%cal Rf5e4]} Qd5 32. Re3 (32. Bh3 $14) 32... Rd6 $11 33. Rc3 {Black must now prevent Rc5.} Rc7 $1 34. Bh3 Qxd4 35. Re3 Re7 36. Rce1 Qd2 (36... Re5 $15) 37. Qc5 Qd4 38. Qf5 Qxb2 39. Qc8+ $1 Ka7 40. Bf5 (40. Qf8 $1 $15 Nd5 41. Rxe4 Rxe4 42. Rxe4) 40... Qd4 $2 (40... Qd2 $17 41. Qf8 Re8 42. Qf7+ Kb8) 41. Bxe4 $1 Nxe4 {[#]} 42. Rxe4 $1 {[%mdl 512]} Rxe4 (42... Qxe4 43. Rxe4) 43. Qc7+ Ka8 44. Qc8+ Ka7 45. Qc7+ Ka8 46. Rxe4 Qxe4 47. Qc8+ Ka7 48. Qc7+ Ka8 49. Qxd6 {[%mdl 4096] Endgame Qd8+ is the strong threat. KQ-KQ} Qe1+ $1 50. Kh2 Qxa5 51. Qxc6+ Ka7 52. Qd7+ Kb8 53. Qe8+ Kb7 54. Qe4+ Ka7 $2 {[#]} (54... Kc7 $11) 55. Qe7+ $2 (55. f4 $1 $18) 55... Kb8 56. Qe8+ Ka7 57. Qf7+ Kb8 58. f4 {Strongly threatening f5.} b4 59. f5 h4 $1 60. f6 hxg3+ 61. Kh3 Qf5+ 62. Kxg3 Qg5+ 63. Kh3 Qf5+ 64. Kh4 Qf4+ $1 65. Kh3 Qf5+ 66. g4 Qf3+ 67. Kh4 Qf2+ $2 {[%mdl 8192]} (67... b3 $11) 68. Kh5 $18 Qh2+ 69. Kg6 Qc2+ 70. Kg7 b3 71. Qe8+ Kb7 72. f7 Qc3+ 73. Kg8 Qc4 74. Qd7+ Kb6 75. Kh7 $2 ({White should play} 75. Qd6+ $18 Kb7 76. Qe7+ Kb6 77. Qf6+ Kb5 78. Kh7 Qxg4 79. f8=Q Qh3+ 80. Kg7 Qd7+ 81. Q8f7 Qg4+ 82. Kh6 Qh3+ 83. Kg6 Qg3+ 84. Qg5+ Qxg5+ 85. Kxg5) 75... Qe4+ $2 {[%mdl 8192]} (75... b2 $11 76. Qd6+ Ka7 77. Qe7+ Kb6 78. Qf6+ Kc7 79. Qe5+ (79. Qxb2 Qxf7+ 80. Kh6 Qe6+ 81. Kh5 Qe8+ 82. Kh4 Qe1+ 83. Kg5 Qe3+ 84. Kf5 Qf3+ 85. Kg5 Qe3+ 86. Kh5 Qe8+ 87. Kh4 Qe1+ 88. Kg5 Qe3+ $11) 79... Kc6) 76. Qf5 Qe7 77. Kg8 b2 78. f8=Q Qc7 79. Qb4+ {Precision: White = 56%, Black = 56%.} 1-0

[Event "WYCC 2018 O16"]
[Site "Halkidiki"]
[Date "2018.10.28"]
[Round "9"]
[White "Kaasen, Tor Fredrik"]
[Black "Milosevic, Milos"]
[Result "1-0"]
[WhiteElo "2388"]
[BlackElo "2306"]
[Annotator "TA"]
[PlyCount "77"]
[EventDate "2018.10.20"]
[EventType "swiss"]
[EventCountry "GRE"]
[SourceTitle "playchess.com"]
[Source "ChessBase"]
[SourceQuality "1"]

{[%evp 17,77,35,33,27,37,16,20,21,29,12,37,42,44,36,47,51,110,97,100,97,94,90,91,43,46,57,205,183,187,182,298,277,356,354,420,335,475,468,436,383,381,360,395,363,595,620,621,499,702,511,492,468,663,658,638,639,656,622,634,622,658,645]} 1. Nf3 Nf6 2. c4 g6 3. Nc3 Bg7 4. g3 O-O 5. Bg2 Nc6 6. d4 d6 7. O-O a6 8. Qc2 Bd7 9. Rd1 Rb8 {LiveBook: 13 Games} 10. b3 {E63: King's Indian: Fianchetto: Panno Variation with 7...a6} (10. e4 e5 11. d5 Ne7 12. c5 Ne8 13. b4 h6 14. a4 f5 15. Ba3 f4 16. b5 g5 17. b6 cxb6 18. cxd6 {1-0 (33) Socko,B (2593)-Sanal,V (2551) Riadh 2017}) 10... b5 11. cxb5 axb5 12. Bb2 {The position is equal.} b4 $146 ({Predecessor:} 12... Qc8 13. Rdc1 Qa6 14. e3 b4 15. Ne4 Rfc8 16. Nxf6+ Bxf6 17. e4 e5 {0-1 (53) Sanz Wawer,D (2119)-Choroszej,A (1937) Warsaw 2016}) 13. Na4 Na7 14. e4 Nb5 15. Nd2 Qc8 16. Nc4 Nh5 (16... Qb7 $14) 17. Rac1 Bh3 18. f4 Bxg2 19. Qxg2 Qa6 20. Kh1 Qa7 {[%cal Rg7d4]} 21. e5 c5 ({Black should play} 21... Rfd8 $14) 22. dxc5 $18 dxc5 23. Qf2 Qa8+ (23... Bh6 {was called for.} 24. Qxc5 (24. Nxc5 Rbc8 $16) 24... Qa8+ 25. Qd5 Qxd5+ 26. Rxd5 e6) 24. Kg1 Bh6 25. Ncb6 ({Don't take} 25. Nxc5 Rfe8 $18) ({Weaker is} 25. Qxc5 Bxf4 26. Nab6 Rxb6 $11) 25... Qe4 26. Nxc5 Qf5 (26... Nxf4 $142 27. gxf4 (27. Nxe4 Nh3+ 28. Kf1 Nxf2 $17) 27... Qxf4) 27. Nd5 Rfe8 28. Ne3 Qh3 29. Na6 {[%cal Bc5a6,Ba6b4,Bb4d5][%mdl 32]} Rbd8 30. Nxb4 f6 $2 {[#]} (30... Rxd1+ {was worth a try.} 31. Rxd1 Nc7) 31. Nbd5 {White is clearly winning.} fxe5 32. Bxe5 Kf7 (32... Nd6 $142 33. Nxe7+ Rxe7 34. Rxd6 Rxd6) 33. Qf1 Qxf1+ 34. Kxf1 Nf6 (34... e6 $142 35. Nb6 Bg7) 35. Bxf6 exf6 36. a4 Nd6 37. Rc7+ Kf8 38. Ng4 Nf5 39. Ngxf6 {Precision: White = 63%, Black = 24%.} 1-0

[Event "WYCC 2018 O16"]
[Site "Halkidiki"]
[Date "2018.10.28"]
[Round "9"]
[White "Teclaf, Pawel"]
[Black "Petriashvili, Nikoloz"]
[Result "1/2-1/2"]
[WhiteElo "2384"]
[BlackElo "2343"]
[Annotator "NA"]
[PlyCount "130"]
[EventDate "2018.10.20"]
[EventType "swiss"]
[EventCountry "GRE"]
[SourceTitle "playchess.com"]
[Source "ChessBase"]
[SourceQuality "1"]
[TimeControl "40/5400+30:1800+30"]

1. Nf3 {[%emt 0:00:00]} c5 {[%emt 0:00:00]} 2. e4 {[%emt 0:00:00]} g6 {[%emt 0:00:02]} 3. d4 {[%emt 0:00:12]} cxd4 {[%emt 0:00:05]} 4. Nxd4 {[%emt 0:00:19]} Bg7 {[%emt 0:00:08]} 5. c4 {[%emt 0:00:23]} Nc6 {[%emt 0:00:14]} 6. Be3 {[%emt 0:00:06]} Nf6 {[%emt 0:00:32]} 7. Nc3 {[%emt 0:00:05]} O-O {[%emt 0:00:30]} 8. Be2 {[%emt 0:06:55]} b6 {[%emt 0:00:13]} 9. O-O {[%emt 0:05:28]} Bb7 {[%emt 0:00:06]} 10. f3 {[%emt 0:04:13]} e6 {[%emt 0:01:19]} 11. Qd2 {[%emt 0:06:19]} d5 {[%emt 0:06:43]} 12. Nxc6 {[%emt 0:02:59]} Bxc6 {[%emt 0:00:02]} 13. cxd5 {[%emt 0:02:08]} exd5 {[%emt 0:00:02]} 14. e5 {[%emt 0:00:17]} Ne8 {[%emt 0:07:12]} 15. f4 {[%emt 0:03:35]} f6 {[%emt 0:01:24]} 16. Bf3 {[%emt 0:16:35]} fxe5 {[%emt 0:02:51]} 17. Nxd5 {[%emt 0:02:21]} exf4 {[%emt 0:11:32]} 18. Bxf4 {[%emt 0:01:43]} Kh8 {[%emt 0:07:46]} 19. Rac1 {[%emt 0:06:10]} Bxd5 {[%emt 0:09:02]} 20. Bxd5 {[%emt 0:03:13]} Rc8 {[%emt 0:01:23]} 21. Rcd1 {[%emt 0:00:49]} Nf6 {[%emt 0:08:26]} 22. Bb7 {[%emt 0:07:58]} Qxd2 {[%emt 0:01:41]} 23. Rxd2 {[%emt 0:01:21]} Rcd8 {[%emt 0:02:42]} 24. Rxd8 {[%emt 0:04:23]} Rxd8 {[%emt 0:00:05]} 25. Bf3 {[%emt 0:03:07]} h6 {[%emt 0:06:37]} 26. Be5 {[%emt 0:04:16]} Re8 {[%emt 0:02:05]} 27. Re1 {[%emt 0:01:37]} Kh7 {[%emt 0:00:24]} 28. Bc3 {[%emt 0:00:46]} Rxe1+ {[%emt 0:00:26]} 29. Bxe1 {[%emt 0:00:01]} Nd7 {[%emt 0:00:15]} 30. b3 {[%emt 0:00:20]} Bd4+ {[%emt 0:00:04]} 31. Kf1 {[%emt 0:00:16]} Kg7 {[%emt 0:00:10]} 32. Ke2 {[%emt 0:00:36]} Ne5 {[%emt 0:00:04]} 33. Be4 {[%emt 0:00:28]} Kf6 {[%emt 0:00:59]} 34. Bd2 {[%emt 0:01:41]} g5 {[%emt 0:01:27]} 35. h3 {[%emt 0:02:09]} h5 {[%emt 0:02:54]} 36. Be3 {[%emt 0:03:20]} Bxe3 {[%emt 0:03:52]} 37. Kxe3 {[%emt 0:00:02]} h4 {[%emt 0:00:05]} 38. Bb7 {[%emt 0:03:02]} Nf7 {[%emt 0:04:53]} 39. Kd4 {[%emt 0:03:08]} Kf5 {[%emt 0:00:51]} 40. Ke3 {[%emt 0:00:00]} Nd6 {[%emt 0:00:00]} 41. Ba8 {[%emt 0:10:32]} Ke5 {[%emt 0:01:17]} 42. Kf3 {[%emt 0:02:20]} Nf5 {[%emt 0:00:28]} 43. Kg4 {[%emt 0:01:37]} Kf6 {[%emt 0:00:05]} 44. Bb7 {[%emt 0:02:51]} Nd6 {[%emt 0:04:48]} 45. Bd5 {[%emt 0:01:57]} Nb5 {[%emt 0:00:35]} 46. Bc4 {[%emt 0:02:30]} Nc3 {[%emt 0:01:16]} 47. a4 {[%emt 0:00:39]} Ne4 {[%emt 0:01:38]} 48. Be2 {[%emt 0:01:25]} Nc5 {[%emt 0:04:58]} 49. Bd1 {[%emt 0:01:43]} Nd3 {[%emt 0:10:05]} 50. Bc2 {[%emt 0:01:08]} Ne5+ {[%emt 0:00:12]} 51. Kh5 {[%emt 0:00:03]} Nd7 {[%emt 0:02:32]} 52. Kg4 {[%emt 0:02:38]} Ne5+ {[%emt 0:00:06]} 53. Kh5 {[%emt 0:00:02]} a5 {[%emt 0:00:33]} 54. Be4 {[%emt 0:01:23]} Nd7 {[%emt 0:00:04]} 55. Kg4 {[%emt 0:02:18]} Nc5 {[%emt 0:00:58]} 56. Bc2 {[%emt 0:00:50]} Ne6 {[%emt 0:01:06]} 57. Bh7 {[%emt 0:00:43]} Nd4 {[%emt 0:01:19]} 58. Bg8 {[%emt 0:00:01]} Nc6 {[%emt 0:01:38]} 59. Bh7 {[%emt 0:00:18]} Ne5+ {[%emt 0:00:18]} 60. Kh5 {[%emt 0:00:01]} Nd7 {[%emt 0:01:17]} 61. Kg4 {[%emt 0:01:01]} Nc5 {[%emt 0:00:36]} 62. Bc2 {[%emt 0:00:55]} Ne6 {[%emt 0:00:40]} 63. Bh7 {[%emt 0:00:32]} Nd4 {[%emt 0:00:41]} 64. Bg8 {[%emt 0:00:03]} Nf5 {[%emt 0:00:14]} 65. Bh7 {[%emt 0:00:13]} Nd4 {[%emt 0:03:00]} 1/2-1/2

[Event "WYCC 2018 O16"]
[Site "Halkidiki"]
[Date "2018.10.28"]
[Round "9"]
[White "Lianes Garcia, Marcos"]
[Black "Perez Perez, Gabriel"]
[Result "1-0"]
[WhiteElo "2376"]
[BlackElo "2125"]
[Annotator "NA"]
[PlyCount "57"]
[EventDate "2018.10.20"]
[EventType "swiss"]
[EventCountry "GRE"]
[SourceTitle "playchess.com"]
[Source "ChessBase"]
[SourceQuality "1"]
[TimeControl "40/5400+30:1800+30"]

1. d4 {[%emt 0:00:00]} d5 {[%emt 0:00:00]} 2. c4 {[%emt 0:00:45]} c6 {[%emt 0:00:13]} 3. Nc3 {[%emt 0:01:52]} Nf6 {[%emt 0:00:02]} 4. Nf3 {[%emt 0:00:33]} e6 {[%emt 0:01:21]} 5. e3 {[%emt 0:01:36]} Nbd7 {[%emt 0:01:12]} 6. b3 {[%emt 0:07:46]} Bd6 {[%emt 0:02:18]} 7. Bb2 {[%emt 0:06:02]} O-O {[%emt 0:00:59]} 8. Qc2 {[%emt 0:20:03]} Qe7 {[%emt 0:07:40]} 9. Be2 {[%emt 0:05:41]} a6 $11 {[%emt 0:06:41] LiveBook: 47 Games} 10. O-O {[%emt 0:07:40]} e5 {[%emt 0:15:20]} 11. dxe5 {[%emt 0:07:30]} Nxe5 {[%emt 0:00:12]} 12. cxd5 {[%emt 0:00:50]} cxd5 {[%emt 0:03:15]} 13. Rad1 {[%emt 0:14:31]} Bg4 {[%emt 0:05:36]} 14. Nxd5 {[%emt 0:07:49]} Nxd5 {[%emt 0:00:25]} 15. Rxd5 {[%emt 0:03:38]} Nxf3+ {[%emt 0:04:21]} 16. Bxf3 {[%emt 0:00:14]} Bxf3 {[%emt 0:03:45]} 17. gxf3 {[%emt 0:00:05]} Rfd8 {[%emt 0:06:24]} 18. Rfd1 {[%emt 0:02:04]} Bc7 {[%emt 0:09:52]} 19. Qe4 {[%emt 0:02:46]} Rxd5 {[%emt 0:08:38]} 20. Qxe7 {[%emt 0:00:17]} Rxd1+ {[%emt 0:00:02]} 21. Kg2 {[%emt 0:00:05]} Rc8 {[%emt 0:00:26]} 22. Qg5 {[%emt 0:00:24]} f6 {[%emt 0:00:39]} 23. Bxf6 {[%emt 0:00:08]} g6 {[%emt 0:00:17]} 24. Qh6 {[%emt 0:02:00]} Rd7 {[%emt 0:00:10]} 25. Qh3 {[%emt 0:00:05]} Rcd8 {[%emt 0:00:13]} 26. Bxd8 {[%emt 0:01:01]} Rxd8 {[%emt 0:00:01]} 27. Qe6+ {[%emt 0:00:09]} Kf8 {[%emt 0:00:18]} 28. Qf6+ {[%emt 0:00:08]} Ke8 {[%emt 0:00:17]} 29. Qh8+ {[%emt 0:00:43]} 1-0

[Event "WYCC 2018 O16"]
[Site "Halkidiki"]
[Date "2018.10.28"]
[Round "9"]
[White "Schitco, Ivan"]
[Black "Stevanic, David"]
[Result "0-1"]
[WhiteElo "2376"]
[BlackElo "2281"]
[Annotator "NA"]
[PlyCount "114"]
[EventDate "2018.10.20"]
[EventType "swiss"]
[EventCountry "GRE"]
[SourceTitle "playchess.com"]
[Source "ChessBase"]
[SourceQuality "1"]
[TimeControl "40/5400+30:1800+30"]

1. d4 {[%emt 0:00:00]} Nf6 {[%emt 0:00:00]} 2. c4 {[%emt 0:00:00]} g6 {[%emt 0:00:06]} 3. Nc3 {[%emt 0:00:08]} Bg7 {[%emt 0:00:06]} 4. e4 {[%emt 0:00:11]} d6 {[%emt 0:00:14]} 5. Nge2 {[%emt 0:00:08]} O-O {[%emt 0:01:01]} 6. Ng3 {[%emt 0:00:12]} a6 {[%emt 0:01:02]} 7. Be2 {[%emt 0:00:16] E70: Königsindisch (Weiß spielt früh e2-e4)} c5 {[%emt 0:01:01]} 8. dxc5 {[%emt 0:00:05]} dxc5 {[%emt 0:00:48]} 9. Be3 {[%emt 0:00:12]} b6 $146 {[%emt 0:03:27]} ({Vorgänger:} 9... Nfd7 10. f4 Bxc3+ 11. bxc3 Nc6 12. e5 Qa5 13. Ne4 Rd8 14. Qc1 Nd4 {½-½ (44) Kunin,V (2513)-Khruschiov,A (2421) Moscow 2012}) 10. e5 {[%emt 0:01:37]} Qxd1+ {[%emt 0:11:08]} 11. Rxd1 {[%emt 0:00:28]} Ng4 {[%emt 0:00:24]} 12. Bxg4 {[%emt 0:06:56]} Bxg4 {[%emt 0:00:07]} 13. f3 {[%emt 0:00:55]} Be6 {[%emt 0:00:45]} 14. Na4 {[%emt 0:07:15]} Nd7 {[%emt 0:18:53]} 15. Rxd7 {[%emt 0:03:40]} Bxd7 {[%emt 0:00:05]} 16. Nxb6 {[%emt 0:00:04]} Ra7 {[%emt 0:00:24]} 17. f4 {[%emt 0:03:54]} Be6 {[%emt 0:19:17]} 18. Bxc5 {[%emt 0:06:51]} Rc7 {[%emt 0:00:11]} 19. b4 $17 {[%emt 0:00:42]} Rd8 {[%emt 0:11:02]} 20. Ke2 {[%emt 0:14:37]} f6 {[%emt 0:03:56]} 21. Rf1 {[%emt 0:13:03]} fxe5 {[%emt 0:04:27]} 22. f5 {[%emt 0:02:09]} gxf5 {[%emt 0:05:18]} 23. Nxf5 {[%emt 0:00:11]} Bxf5 {[%emt 0:01:12]} 24. Rxf5 {[%emt 0:00:09]} e6 {[%emt 0:00:04]} 25. Rg5 {[%emt 0:03:06]} a5 {[%emt 0:00:44]} 26. a3 {[%emt 0:01:24]} Kf7 {[%emt 0:03:20]} 27. Be3 {[%emt 0:05:32]} axb4 {[%emt 0:01:44]} 28. axb4 {[%emt 0:01:00]} Ra7 {[%emt 0:00:13]} 29. Kf3 {[%emt 0:03:51]} Ra3 {[%emt 0:02:03]} 30. Rg3 {[%emt 0:00:17]} Bh6 {[%emt 0:03:12]} 31. Ke4 {[%emt 0:01:31]} Rxe3+ {[%emt 0:02:16]} 32. Rxe3 {[%emt 0:00:02]} Rd4+ {[%emt 0:00:06]} 33. Kf3 {[%emt 0:00:10]} Bxe3 {[%emt 0:00:05]} 34. Kxe3 {[%emt 0:00:02]} Ke7 {[%emt 0:00:18]} 35. b5 {[%emt 0:01:38]} Kd6 {[%emt 0:00:58]} 36. Nc8+ {[%emt 0:01:45]} Kd7 {[%emt 0:01:44]} 37. Na7 {[%emt 0:00:19]} Rxc4 {[%emt 0:00:22]} 38. Nc6 {[%emt 0:00:18]} Rc5 {[%emt 0:00:40]} 39. Ke4 {[%emt 0:00:09]} Rxb5 {[%emt 0:01:42]} 40. Nxe5+ {[%emt 0:00:00]} Ke7 {[%emt 0:00:00]} 41. Nf3 {[%emt 0:00:55]} Kf6 {[%emt 0:00:50]} 42. h3 {[%emt 0:00:37]} Rb4+ {[%emt 0:00:18]} 43. Ke3 {[%emt 0:00:05]} h5 {[%emt 0:00:47]} 44. Nd4 {[%emt 0:00:40]} e5 {[%emt 0:00:51]} 45. Nf3 {[%emt 0:00:14]} Kf5 {[%emt 0:00:19]} 46. Nd2 {[%emt 0:00:14]} Ra4 {[%emt 0:00:56]} 47. Nf3 {[%emt 0:00:18]} Ra3+ {[%emt 0:00:26]} 48. Kf2 {[%emt 0:00:23]} e4 {[%emt 0:01:59]} 49. Nd4+ {[%emt 0:00:09]} Ke5 {[%emt 0:00:31]} 50. Ne2 {[%emt 0:00:07]} Rb3 {[%emt 0:00:48]} 51. h4 {[%emt 0:00:11]} Ra3 {[%emt 0:02:42]} 52. Ng3 {[%emt 0:01:03]} Rxg3 {[%emt 0:03:50]} 53. Kxg3 {[%emt 0:00:20]} Kd4 {[%emt 0:00:03]} 54. Kf2 {[%emt 0:01:13]} Kd3 {[%emt 0:00:05]} 55. Ke1 {[%emt 0:00:31]} Ke3 {[%emt 0:00:06]} 56. g4 {[%emt 0:00:53]} hxg4 {[%emt 0:00:04]} 57. h5 {[%emt 0:00:03]} g3 {[%emt 0:00:08]} 0-1

[Event "WYCC 2018 O16"]
[Site "Halkidiki"]
[Date "2018.10.28"]
[Round "9"]
[White "Davtyan, Artur"]
[Black "Blohberger, Felix"]
[Result "0-1"]
[WhiteElo "2374"]
[BlackElo "2433"]
[Annotator "TA"]
[PlyCount "106"]
[EventDate "2018.10.20"]
[EventType "swiss"]
[EventCountry "GRE"]
[SourceTitle "playchess.com"]
[Source "ChessBase"]
[SourceQuality "1"]

{[%evp 17,106,18,24,22,29,25,33,12,18,-48,-38,-48,-17,-5,-23,-18,27,11,28,29,110,40,141,146,152,154,146,147,124,21,38,16,29,0,12,-179,-167,-168,-183,-183,-173,-162,-159,-185,-185,-185,-183,-185,-183,-183,-177,-184,-104,-104,-104,-279,-283,-256,-244,-297,-289,-279,-278,-256,-256,-262,0,-205,-191,-244,-179,-233,-106,-258,-258,-258,-258,-258,-258,-258,-256,-723,-672,-1116,-1020,-1266,-1089,-29974,-29975,-29976,-29977]} 1. d4 Nf6 2. c4 g6 3. Nc3 Bg7 4. e4 d6 5. Be2 O-O 6. Be3 c5 7. d5 e6 8. Nf3 {E73: Königsindisch (Awerbach-Angriff)} exd5 9. cxd5 Bg4 {LiveBook: 28 Partien} (9... Re8 10. Nd2 c4 11. O-O Na6 12. Bf3 b6 13. Re1 Nc5 14. Bxc5 bxc5 15. e5 Rxe5 16. Rxe5 dxe5 17. Nxc4 {½-½ (23) Howell,D (2687)-Jones,G (2670) Hull 2018}) 10. h3 {Weiß hat minimalen Vorteil.} Bxf3 $1 11. Bxf3 Re8 12. g4 $146 ({Vorgänger:} 12. O-O Nbd7 13. Qc2 Qe7 14. Rfe1 a6 15. a4 c4 {½-½ (26) Raessler,A (2341)-Novikov,S (2343) ICCF email 2016}) 12... Na6 13. h4 (13. O-O $11) 13... c4 $15 14. Kf1 Nb4 15. g5 $36 {[%mdl 2048] Weiss drückt.} Nd7 16. Be2 Ne5 17. Rb1 Rc8 18. h5 Qa5 (18... Nbd3 $11 {hält das Gleichgewicht.}) 19. hxg6 (19. Qd2 $1 $16) 19... hxg6 (19... fxg6 $14 20. a3 Nbd3) 20. Qd2 $1 $16 Ned3 21. a3 Na6 {Schwarz plant ...Sac5.} 22. Bxd3 ({Minderwertig wäre} 22. Bxa7 b6 $11) 22... cxd3 23. Qxd3 (23. Rh4 $16) 23... Nc5 $11 24. Bxc5 Qxc5 25. Rc1 Qd4 26. Qe2 $2 (26. Qxd4 $11 Bxd4 27. Rh4) 26... Rxe4 $1 $19 27. Qxe4 Qxe4 28. Nxe4 Rxc1+ 29. Kg2 Rxh1 ({Nicht} 29... Bxb2 30. Nf6+ Bxf6 31. Rxc1 $16) 30. Kxh1 Bxb2 {[%mdl 4096] Endspiel KL-KS} 31. a4 Be5 32. Kg2 Kf8 33. Kf3 Ke7 34. Ke3 a6 (34... Bb2 $19 35. Kd2 b6) 35. Nd2 Bc3 {Weiss muss nun ...Lxd2+ beachten.} 36. Nb3 $2 (36. Ne4 $17 Bb2 37. Kd3) 36... Kd7 37. Kd3 Bb4 38. Kd4 Kc7 39. Kd3 Be1 40. Ke2 {[#]} Bc3 $1 41. Ke3 Bb4 $2 ({Günstiger ist} 41... Kb6 $19 42. Kd3 Bb4) 42. Ke4 $2 (42. Kd3 $1 $11 {und Weiss muss sich keine Sorgen machen.}) 42... Bc5 43. f4 (43. Kf3 $142) 43... Bf2 44. f5 (44. Nd2 {war nötig.}) 44... b6 (44... Kb6 $19 45. Kf4 gxf5 46. Kxf5 Be3) 45. f6 $2 (45. fxg6 $17 fxg6 46. Kd3) 45... Bh4 46. Kf4 Be1 47. Ke4 Bc3 48. Kd3 Be5 49. Ke4 $2 (49. Nd2) 49... a5 50. Nd2 {[#]} b5 $1 {[%mdl 512]} 51. axb5 {[#]} Kb6 $1 52. Nc4+ Kxb5 53. Na3+ Kb4 {Precision: Weiß = 33%, Schwarz = 45%.} 0-1

[Event "WYCC 2018 O16"]
[Site "Halkidiki"]
[Date "2018.10.28"]
[Round "9"]
[White "Shubin, Kirill"]
[Black "Peng, Hongchi"]
[Result "1/2-1/2"]
[WhiteElo "2369"]
[BlackElo "2273"]
[Annotator "TA"]
[PlyCount "61"]
[EventDate "2018.10.20"]
[EventType "swiss"]
[EventCountry "GRE"]
[SourceTitle "playchess.com"]
[Source "ChessBase"]
[SourceQuality "1"]

{[%evp 18,61,39,31,39,55,50,49,72,59,55,0,0,6,10,2,0,10,0,-20,-16,-33,0,0,0,-6,0,0,16,27,54,8,7,3,0,0,0,6,8,8,0,0,12,0,0,0]} 1. e4 c5 2. Nf3 e6 3. g3 Nc6 4. Bg2 Nf6 5. Qe2 d5 6. exd5 {B40: Sicilian: 2...e6, Unusual lines} Nxd5 7. O-O Be7 8. Rd1 O-O 9. d4 cxd4 10. Nxd4 {LiveBook: 30 Games} Nxd4 11. Rxd4 Bf6 12. Rd1 {[#] And now c4 would win.} Qc7 13. c4 $146 Ne7 14. Nc3 Bxc3 $1 15. bxc3 {Threatens to win with Bf4.} Bd7 $1 {[%cal Bc8d7,Bd7a4,Ba4c2][%mdl 32]} 16. Bf4 Qc8 17. Bd6 Re8 {[%cal Bf8e8,Be8e7,Be7c7,Bc7c4][%mdl 32]} 18. Bxe7 Rxe7 19. Rd6 Ba4 20. Rb1 Rc7 21. Qe5 Rb8 22. Qd4 Rxc4 23. Qxa7 g6 24. Rdb6 {[%cal Rb6b7]} Bc2 {The position is equal.} 25. Rxb7 Ra8 26. Qxa8 $1 Qxa8 27. Rb8+ {[#]} Qxb8 $1 {[%mdl 512]} 28. Rxb8+ Kg7 29. Rb6 g5 30. h3 h5 31. Ra6 {Precision: White = 50%, Black = 50%.} 1/2-1/2

[Event "WYCC 2018 O16"]
[Site "Halkidiki"]
[Date "2018.10.28"]
[Round "9"]
[White "Abdisalimov, Abdimalik"]
[Black "Sargsyan, Shant"]
[Result "0-1"]
[WhiteElo "2368"]
[BlackElo "2463"]
[Annotator "TA"]
[PlyCount "48"]
[EventDate "2018.10.20"]
[EventType "swiss"]
[EventCountry "GRE"]
[SourceTitle "playchess.com"]
[Source "ChessBase"]
[SourceQuality "1"]

{[%evp 18,48,4,12,18,12,17,14,45,55,16,26,16,22,21,-3,23,-9,-10,-284,-268,-213,-52,-136,-137,-79,-72,-72,-91,-75,-86,-641,-638]} 1. c4 e5 2. Nc3 Nf6 3. g3 d5 4. cxd5 Nxd5 5. Bg2 Nb6 6. d3 Be7 7. Be3 O-O 8. Rc1 Re8 {A22: English Opening: 1...e5 2 Nc3 Nf6} 9. Qc2 Bf8 10. a3 {LiveBook: 19 Games} a6 {The position is equal.} (10... c6 11. Nf3 N8d7 12. O-O Nf6 13. b4 Bf5 14. Rfd1 h6 15. Ne4 Rc8 16. Bc5 Bxe4 17. dxe4 {½-½ (39) Ding,L (2777)-Harikrishna,P (2744) Huaian 2017}) 11. Nf3 {[%cal Bg1f3,Bf3d2,Bd2b3][%mdl 32]} Nc6 12. Ne4 $146 ({Predecessor:} 12. O-O Nd4 13. Bxd4 exd4 14. Ne4 c6 15. Rfe1 a5 16. Nc5 {1-0 (44) Petrosyan,M (2484)-Slavin,A (2384) Moscow 2016}) 12... Bf5 13. O-O Qd7 14. Nfd2 Bh3 15. Bxh3 Qxh3 16. Nb3 Nd5 17. Qc4 Rad8 {[%cal Ba8d8,Bd8d6,Bd6c6,Bc6c2][%mdl 32]} 18. Nec5 $2 {[%mdl 8192]} (18. Bd2 $11 {and White is okay.}) 18... Bxc5 19. Nxc5 {[#]} Nd4 $1 {[%mdl 512]} 20. Rce1 (20. Bxd4 $15 b5 21. Qa2 exd4 22. Ne4) 20... b5 $17 21. Qc1 Rd6 $40 {[%mdl 128] White is in trouble.} ({Don't play} 21... Nxe3 $6 22. fxe3 Nf5 23. e4 $11) 22. Ne4 Rc6 23. Qd2 Ne6 {...Nef4! is the strong threat.} 24. f3 $2 {[%mdl 8192] [#]} (24. Ng5 $17 Nxg5 25. Bxg5) 24... Rc2 $1 {[%mdl 512] Precision: White = 24%, Black = 48%.} 0-1